01043nam a22002777a 45000010005000000030006000050050017000110080041000280200017000690400029000860500021001150820011001361000016001472450087001632600045002503000049002954900021003445050008003655200103003735210029004765210020005056500062005256500068005876500077006557000033007329950FISKH20260319094513.0260319b cb ||||| |||| 00| 0 eng d a051487025147 aFISKHbengcFISKHdFISKH aPS3523 .O46 .Z58 a813.52 aBains , Rae aJack London : bA life of adventure /cby Rae Bains : illustrated by Wayne Geehan  aMahwah, NJ : bTroll Associates ,c1992. a48 pages : bcolor illustrations ;c23 cm .  aEasy Biographies aJ  aA biography of the American novelist and short story writer who sought and wrote about adventure. 8 a500 bLexile estimate 8 aJ bRaz-Plus  aLondon , Jack, 1876-1916- BiographyvJuvenile Literature  aAuthors , American-20th Cetury- BiographyvJuvenile Literature  aAdventure and adventures- United States- BiographyvJuvenile Literature  aGeehan , WayneeIllustrator